000 00924nam a2200265 a 4500
001
003 OSt
005 20220330123114.0
008 090923s2018 dr r 000 p spa d
040 _aDO-SdBNP
_bspa
_cBPMSU
082 _aRD861.42
_bA414d 2018
_222
100 1 _aAlix, Juan Antonio,
_d1933-1918
245 1 0 _aDécimas inéditas /
_cJuan Antonio Alix ; Compilación Teresa Pereyra Goico de Pierre ; prólogo Emilio Rodríguez Demorizi.
250 _a3a. ed.
260 _aSanto Domingo :
_bEdiciones CEDIBIL,
_c2018
300 _a170 p. ;
_c22 cm.
500 _aIncluye referencias bibliográficas y notas al pie de las páginas.
590 _aInventariado, 2022/VM
650 4 _aPoesía dominicana
650 4 _aLiteratura dominicana.
700 1 _aRodríguez Demorizi, Emilio,
_d1908-1986
_eprólogo
700 1 _aGoico De pierre, Teresa Pereyra
_ecompiladora
910 _aVMateo V.
942 _2ddc
_cBK
999 _c14128
_d14128